Chiến dịch tiến công Nguyễn Huệ (từ 1-4-1972 đến 19-1-1973)
Uloženo v:
| Hlavní autor: | |
|---|---|
| Médium: | Kniha |
| Jazyk: | Undetermined |
| Témata: | |
| On-line přístup: | http://lrc.tdmu.edu.vn/opac/search/detail.asp?aID=2&ID=22877 |
| Tagy: |
Přidat tag
Žádné tagy, Buďte první, kdo otaguje tento záznam!
|
| Thư viện lưu trữ: | Trung tâm Học liệu Trường Đại học Thủ Dầu Một |
|---|
| LEADER | 00657nam a2200145Ia 4500 | ||
|---|---|---|---|
| 001 | TDMU_22877 | ||
| 008 | 210410s9999 xx 000 0 und d | ||
| 082 | |a 959.704 | ||
| 100 | |a Lê, Minh Nam | ||
| 245 | 0 | |a Chiến dịch tiến công Nguyễn Huệ (từ 1-4-1972 đến 19-1-1973) | |
| 245 | 0 | |c Lê Minh Nam | |
| 300 | |a 4tr | ||
| 650 | |a Cuộc tiến công chiến lược năm 1972 ; Chiến dịch tiến công Nguyễn Huệ; Kháng chiến chống Mỹ ; Lịch sử | ||
| 856 | |u http://lrc.tdmu.edu.vn/opac/search/detail.asp?aID=2&ID=22877 | ||
| 980 | |a Trung tâm Học liệu Trường Đại học Thủ Dầu Một | ||